000 03717nam a22011417a 4500
003 PE-LiUPU
005 20250813185657.0
008 230927b |||||||| |||| 00| 0 spa d
020 _a9786124184307
040 _aPE-LiUPU
_bspa
_cPE-LiUPU
_erda
082 _223
_a349.1
_bH557d
100 1 0 _aHernández Canelo, Rafael .
_92619
_d1945-
_eAutor.
245 1 0 _aDerecho Romano : Historia e instituciones /
_cRafael Hernández Canelo.
264 _aLima :
_bJurista Editores,
_c2014.
300 _a829 páginas ;
_c24 centímeros.
504 _apáginas [817]- 829.
505 _aHISTORIA DEL DERECHO ROMANO: Introducción al estudio del derecho romano -- periodización de la historia de Roma -- Historia del derecho romano después de Justiniano -- La religión de los romanos -- Conceptos generales, clasificación del derecho romano y fuentes -- DERECHO DE PERSONAS: Personas físicas -- Personas jurídicas -- DERECHO DE FAMILIA: Familia, parentesco y patria potestad -- El matrimonio -- Representación de los incapaces--DERECHOS REALES: Las cosas y su clasificación -- Derechos patrimoniales -- Derechos reales en general -- El negocio jurídico -- Derechos de obligaciones: Las obligaciones y su clasificación -- Fuentes de las obligaciones -- Los pactos y donación -- Delitos y cuasidelitos -- Efectos de las obligaciones -- Garantía de las obligaciones -- Extinción de las obligaciones -- DERECHO SUCESORIO: Sucesión universal "mortis causa"-- Sucesión intestada o legítima -- Sucesión testamentaria -- Adquisición de la herencia -- Donación, legados y fideicomiso -- PROCEDIMIENTOS ROMANOS: Procedimiento civil romano -- El procedimiento penal, Público -- Apéndice: Nociones generales del latín.
526 _aP202
526 _aP201
526 _aP163
526 _aP162
526 _aP161
526 _aP160
526 _aP148
526 _aP147
526 _aP146
526 _aP145
526 _aP144
526 _aP143
526 _aP142
526 _aP141
526 _aP140
526 _aP139
526 _aP138
526 _aP137
526 _aP136
526 _aP135
526 _aP134
526 _aP133
526 _aP129
526 _aP128
526 _aP127
526 _aP120
526 _aP119
526 _aP118
526 _aP116
526 _aP115
526 _aP114
526 _aP110
526 _aP109
526 _aP108
526 _aP104
526 _aP103
526 _aP102
526 _aP99
526 _aP98
526 _aP97
526 _aP96
526 _aP95
526 _aP93
526 _aP90
526 _aP89
526 _aP88
526 _aP83
526 _aP82
526 _aP62
526 _aP59
526 _aP58
526 _aP57
526 _aP51
526 _aP49
526 _aP48
526 _aP47
526 _aP29
526 _aP24
526 _aP20
526 _aP19
526 _aP17
526 _aP15
526 _aP14
526 _aP12
526 _aP10
526 _aP09
526 _aP08
526 _aP07
526 _aP06
526 _aP05
526 _aP04
526 _aP01
556 _aE001-106-10444184961
_z9786124184307
650 1 8 _aPersonas (Derecho romano)
_92624
650 2 8 _aDerecho romano
_xHistoria
_92630
650 2 8 _aDerecho de Familia (Derecho romano)
_92626
650 2 8 _aObligaciones (Derecho romano)
_92628
942 _2ddc
_cBK
_n0
980 _621515
_aDIGNA BRAÑES Analista Documental
_81
_gALBERTO SANCHEZ Responsable de Automatización
999 _c61986
_d61986